| 000 | 00385nam a2200145Ia 4500 | ||
|---|---|---|---|
| 008 | 150201s2002 xx 000 0 und d | ||
| 082 |
_a615.321 _bP2002S |
||
| 100 | _aSINGHAL | ||
| 245 | _aPHARMACOLOGY LABORATORY MANUAL | ||
| 250 | _a1ST | ||
| 260 |
_bC.B.S PUBLISHERS & DISTRIBUTERS _aDARYAGANJ (NEW DELHI) _c2002 |
||
| 300 | _aJan-66 | ||
| 650 | _aPHARMACOLOGY | ||
| 942 |
_2ddc _cBK _01 |
||
| 999 |
_c2664 _d2664 |
||